| 000 | 01722nam a2200529 i 4500 | ||
|---|---|---|---|
| 001 | 22669 | ||
| 003 | KOSZ 005 | ||
| 005 | 20210518132638.0 | ||
| 008 | 990506s1984 pl |000 0 pol | ||
| 015 | _aUWD 1984/7973 | ||
| 020 | _a8301027932 | ||
| 035 | _a991009532189705066 | ||
| 035 | _a(PL-WaBN)b12579166-48omnis_nlop | ||
| 035 | _ab12579166 | ||
| 035 | _a(OCoLC)749560954 | ||
| 035 | _azz2003969472 | ||
| 035 | _a(PL)b0000001257916 | ||
| 035 | _a(EXLNZ-48OMNIS_NETWORK)9910359720905606 | ||
| 040 |
_aWA N _cWA N _dKOSZ 005/HR |
||
| 041 | 0 | _apol | |
| 046 | _k1984 | ||
| 080 | _a37.016:81 | ||
| 080 | _a81'33 | ||
| 080 | _a(03) | ||
| 100 | 1 |
_aSzulc, Aleksander _d(1924-2012) _eAutor |
|
| 245 | 1 | 0 |
_aPodręczny słownik językoznawstwa stosowanego : _bdydaktyka języków obcych / _cAleksander Szulc. |
| 260 |
_aWarszawa : _bPaństwowe Wydawnictwo Naukowe, _c1984. |
||
| 300 |
_a381, [3] s. ; _c20 cm. |
||
| 336 |
_aTekst _btxt _2rdacontent |
||
| 337 |
_aBez urządzenia pośredniczącego _bn _2rdamedia |
||
| 338 |
_aWolumin _bnc _2rdacarrier |
||
| 380 | _aKsiążki | ||
| 388 | _a1901-2000 | ||
| 388 | _a1945-1989 | ||
| 650 | 7 |
_aJęzykoznawstwo _2DBN |
|
| 650 | 7 | _aTerminologia | |
| 650 | 7 |
_aNauczanie języków obcych _2DBN |
|
| 655 | 7 |
_aEncyklopedia _2DBN |
|
| 655 | 7 |
_aSłownik terminologiczny _2DBN |
|
| 655 | 7 |
_aSłownik wielojęzyczny _2DBN |
|
| 658 | _aEdukacja i pedagogika | ||
| 658 | _aJęzykoznawstwo | ||
| 710 | 2 |
_aPaństwowe Wydawnictwo Naukowe _4pbl |
|
| 856 |
_uhttp://koha.tu.koszalin.pl/cgi-bin/koha/opac-detail.pl?biblionumber=22669 _yKatalog online BPK |
||
| 942 |
_2UKD _cKS |
||
| 999 |
_c22669 _d22669 |
||